| 000 | 00000nas 2200000za 4500 |
| 001 | 9.834550 |
| 003 | CaOODSP |
| 005 | 20221107150448 |
| 007 | cr ||||||||||| |
| 008 | 170330d19721978onczn p oss f0###b0fre|d |
| 022 | |y0705-4394 |
| 040 | |aCaOODSP|bfre |
| 041 | |aeng|afre |
| 043 | |an-cn--- |
| 086 | 1 |aCS41-009-PDF |
| 245 | 00|aFabricated metal products |h[ressource électronique] = |bProduits métalliques. |
| 246 | 11|aProduits métalliques |
| 260 | |aOttawa : |bStatistics Canada, Manufacturing and Primary Industries Division = Statistique Canada, Division des industries manufacturières et primaires,|c1972-1978. |
| 310 | |aIrrégulier |
| 362 | 0 |aVol. 1, no. 1-v. 7, no. 2. |
| 490 | 0 |aService bulletin = Bulletin de service |
| 500 | |aÉdition numérisée de l’imprimé [par Statistique Canada]. |
| 500 | |aVariantes dans le sous-titre. |
| 515 | |aPour partie J., les livr. de janv. et fév. 1974 sont désignés v. 2, no. 1 et no. 2 mais forment v. 3, no. 1 et no. 2. Les livr. de mai-déc. 1974 sont désignés v. 2, no. 5-no. 12 mais forment v. 3, no. 5-no. 12. |
| 515 | |aPour partie K, la livr. de mars 1975 désignée v. 4, no. 3 mais forme v. 4, no. 13. |
| 515 | |aCertaines livr. ne comportent pas de numérotation. |
| 546 | |aTexte en anglais et en français. |
| 580 | |aScindé en: Sanitaryware; Cemented tungsten carbide blanks and tools; Builders and shelf hardware; Domestic and farm water systems; Oil filters and cartridges; et, Shipments of domestic mobile homes. |
| 692 | 07|2gccst|aIndustrie métallurgique |
| 692 | 07|2gccst|aStatistique |
| 710 | 1 |aCanada. |bStatistique Canada. |bDivision des industries manufacturières et primaires. |
| 785 | 00|tSanitaryware |w(CaOODSP)9.825803 |
| 785 | 00|tCemented tungsten carbide blanks and tools |w(CaOODSP)9.825806 |
| 785 | 00|tBuilders and shelf hardware |w(CaOODSP)9.825815 |
| 785 | 00|tDomestic and farm water systems |w(CaOODSP)9.825827 |
| 785 | 00|tOil filters and cartridges |w(CaOODSP)9.825871 |
| 785 | 00|tShipments of domestic mobile homes |w(CaOODSP)9.826224 |
| 791 | |tFabricated metal products |eeng|w(CaOODSP)9.834517 |